1990s Directors by Movies - Statistics

General Stats
  • This quiz has been taken 92 times
  • The average score is 11 of 15
Answer Stats
Movies Directors % Correct
Reservoir Dogs, Pulp Fiction, Jackie Brown Quentin Tarantino
99%
Hook, Jurassic Park, Schindler's List, Amistad, The Lost World: Jurassic Park, Saving Private Ryan Steven Spielberg
96%
Goodfellas, Cape Fear, The Age of Innocence, Casino, Kundun, Bringing Out the Dead Martin Scorsese
90%
Edward Scissorhands, Batman Returns, Ed Wood, Mars Attacks!, Sleepy Hollow Tim Burton
89%
The Godfather Part III, Bram Stoker's Dracula, Jack, John Grisham's The Rainmaker Francis Ford Coppola
87%
Star Wars: Episode I: The Phantom Menace George Lucas
83%
Eyes Wide Shut Stanley Kubrick
82%
Miller's Crossing, Barton Fink, The Hudsucker Proxy, Fargo, The Big Lebowski Joel Coen/Ethan Coen
80%
Alice, Shadows and Fog, Husbands and Wives, Manhattan Murder Mystery, Bullets Over Broadway, Mighty Aphrodite, Everyone Says I Love You, Deconstructing Harry, Celebrity, Sweet and Lowdown Woody Allen
70%
Bottle Rocket, Rushmore Wes Anderson
65%
Home Alone, Only the Lonely, Home Alone 2: Lost in New York, Mrs. Doubtfire, Nine Months, Stepmom, Bicentennial Man Chris Columbus
57%
Clerks, Mallrats, Chasing Amy, Dogma Kevin Smith
57%
My Own Private Idaho, Even Cowgirls Get the Blues, To Die For, Good Will Hunting, Psycho Gus Van Sant
54%
El Mariachi, Roadracers, Desperado, From Dusk Till Dawn, The Faculty Robert Rodriguez
52%
Texasville, Noises Off, The Thing Called Love Peter Bogdanovich
10%
No matching quizzes found
Score Distribution
Percent of People with Each Score
Percentile by Number Answered
Your Score History
You have not taken this quiz